000 01260namaa22003131i 4500
005 20260303112336.0
008 260114s1996 ua a|||frm||| 000 0 eng d
040 _aEG-GICUC
_beng
_cEG-GICUC
_dEG-GICUC
_erda
041 0 _aeng
_beng
_bara
049 _aDeposit
097 _aM.Sc
099 _aCai01.11.15.M.Sc.1996.Ha.L
100 0 _aHatem Mohamed Abdallah,
_epreparation.
245 1 0 _aLaser in gynaecology /
_cBy Hatem Mohamed Abdallah ; Supervised By Prof. Dr. Mohamed Alaa Eldin Shafik, Prof. Dr. Hesham Murad Mohamed.
246 1 5 _aإستخدامات أشعة الليزر فى أمراض النساء
264 0 _c1996.
300 _a109 pages :
_billustrations ;
_c30 cm. +
336 _2rda content
_atext
337 _2rdamedia
_aUnmediated
338 _2rdacarrier
_avolume
502 _aThesis (M.Sc.)-Cairo University, 1996.
504 _aBibliography: pages 98-105
653 0 _agynaecology obs
_aLaser
700 0 _aMohamed Alaa Eldin Shafik
_ethesis advisor.
700 0 _aHesham Murad Mohamed
_ethesis advisor.
900 _DDepartment of Obstetrics and Gynaecology
_FFaculty of Medicine
_UCairo University
_b1996
_cMohamed Alaa Eldin Shafik
_cHesham Murad Mohamed
905 _aNermeen-A
_eNourhan
942 _2ddc
_cTH
_e21
_n0
999 _c177695